Hitman: World of Assassination - All Targets - Statistics

General Stats
  • This quiz has been taken 162 times
  • The average score is 40 of 86
Answer Stats
Game Location Mission Target % Correct
Hitman (2016) Hokkaido, Japan Situs Inversus Erich Soders
83%
Hitman 2 Miami, USA The Finish Line Sierra Knox
83%
Hitman (2016) Paris, France The Showstopper Viktor Novikov
83%
Hitman (2016) Paris, France The Showstopper Dalia Margolis
82%
Hitman 2 Miami, USA The Finish Line Robert Knox
82%
Hitman 2 Whittleton Creek, USA Another Life Janus
81%
Hitman 2 Isle of Sgail, Arctic Sea The Ark Society Zoe Washington
81%
Hitman (2016) Bangkok, Thailand Club 27 Jordan Cross
80%
Hitman (2016) Bangkok, Thailand Club 27 Ken Morgan
80%
Hitman (2016) Sapienza, Italy The World of Tomorrow Silvio Caruso
80%
Hitman (2016) Hokkaido, Japan Situs Inversus Yuki Yamazaki
80%
Hitman 2 Isle of Sgail, Arctic Sea The Ark Society Sophia Washington
79%
Hitman 3 Chongqing, China End of an Era Hush
77%
Hitman (2016) Marrakesh, Morocco A Guilded Cage Reza Zaydan
76%
Hitman (2016) Sapienza, Italy The World of Tomorrow Francesca De Santis
75%
Hitman (2016) Marrakesh, Morocco A Guilded Cage Claus Hugo Strandberg
74%
Hitman 2 Mumbai, India Chasing a Ghost Dawood Rangan
74%
Hitman (2016) Colorado, USA Freedom Fighters Ezra Berg
73%
Hitman (2016) Colorado, USA Freedom Fighters Sean Rose
73%
Hitman (2016) Colorado, USA Freedom Fighters Maya Parvati
72%
Hitman 3 Carpathian Mountains, Romania Untouchable Arhtur Edwards
71%
Hitman 2 Santa Fortuna, Colombia Three-Headed Serpent Rico Delgado
71%
Hitman (2016) Colorado, USA Freedom Fighters Penelope Graves
70%
Hitman (2016) ICA Facility, Classified, Greenland The Final Test Jasper Knight
69%
Hitman 2 Santa Fortuna, Colombia Three-Headed Serpent Jorge Franco
69%
Hitman 3 Mendoza, Argentina The Farewell Don Archibald Yates
68%
Hitman (2016) ICA Facility, Classified, Greenland Guided Training & Freeform Training Kalvin Ritter
68%
Hitman 3 Dubai, United Arab Emirates On Top of the World Marcus Stuyvesant
65%
Hitman 3 Dubai, United Arab Emirates On Top of the World Carl Ingram
64%
Hitman 3 Chongqing, China End of an Era Imogen Royce
64%
Hitman 2 Whittleton Creek, USA Another Life Nolan Cassidy
64%
Hitman 2 Mumbai, India Chasing a Ghost Vanya Shah
63%
Hitman 3 Dartmoor, England Death in the Family Alexa Carlisle
62%
Hitman 2 Santa Fortuna, Colombia Three-Headed Serpent Andrea Martinez
62%
Hitman 2 Hawke's Bay, New Zealand Nightcall Alma Reynard
61%
Hitman 2 Haven Island, Maldives The Last Resort Ljudmila Vetrova
58%
Hitman 2 Mumbai, India Chasing a Ghost Wazir Kale
58%
Hitman 2 New York, USA Golden Handshake Athena Savalas
54%
Hitman 3 Mendoza, Argentina The Farewell Tamara Vidal
54%
Hitman 3 Berlin, Germany Apex Predator Agent Montgomery
53%
Hitman 2 Haven Island, Maldives The Last Resort Stephen Bradley
52%
Hitman 2 Haven Island, Maldives The Last Resort Tyson Williams
50%
Hitman 3 Ambrose Island, Andaman Sea Shadows in the Water Sinhi "Akka" Venthan
45%
Hitman 3 Ambrose Island, Andaman Sea Shadows in the Water Noel Crest
40%
Sarajevo Six Colorado, USA The Mercenary Patrick Morgan
39%
Hitman (2016) - Bonus Missions Sapienza, Italy The Icon Dino Bosco
37%
Hitman 3 Berlin, Germany Apex Predator Agent Swan
36%
Hitman (2016) - Bonus Missions Sapienza, Italy Landslide Marco Abiatti
35%
Hitman 3 Berlin, Germany Apex Predator Agent Green
34%
Patient Zero Sapienza, Italy The Author Brother Akram
33%
Patient Zero Sapienza, Italy The Author Craig Black
31%
Patient Zero Hokkaido, Japan Patient Zero Owen Cage
31%
Hitman 3 Berlin, Germany Apex Predator Agent Thames
29%
Patient Zero Hokkaido, Japan Patient Zero Klaus Liebleid
29%
Hitman (2016) - Bonus Missions Marrakesh, Morocco A House Built on Sand Matthieu Mendola
29%
Patient Zero Bangkok, Thailand The Source Sister Yulduz
28%
Sniper Assassin Himmelstein, Austria The Last Yardbird Doris Lee
27%
Hitman 3 Berlin, Germany Apex Predator Agent Davenport
26%
Hitman 3 Berlin, Germany Apex Predator Agent Tremaine
26%
Patient Zero Colorado, USA The Vector Bradley Paine
26%
Hitman 3 Berlin, Germany Apex Predator Agent Banner
25%
Hitman 3 Berlin, Germany Apex Predator Agent Price
25%
Hitman 2 - Special Assignments Miami, USA A Silver Tongue Ajit "AJ" Krish
25%
Patient Zero Bangkok, Thailand The Source Oybek Nabazov
25%
Sniper Assassin Siberia, Russia Crime and Punishment Vitaly Reznikov
23%
Hitman 2 - Special Assignments Mumbai, India Illusions of Grandeur Basil Carnaby
21%
Sniper Assassin Himmelstein, Austria The Last Yardbird Dorian Lang
21%
Seasonal Content Paris, France Holiday Hoarders Harry "Smokey" Bagnato
21%
Seasonal Content Paris, France Holiday Hoarders Marv "Slick" Gonif
21%
Sniper Assassin Siberia, Russia Crime and Punishment Roman Khabko
21%
Hitman 2 - Special Assignments Whittleton Creek, USA A Better Pill Galen Vholes
20%
Sniper Assassin Himmelstein, Austria The Last Yardbird Guillaume Maison
20%
Hitman (2016) - Bonus Missions Marrakesh, Morocco A House Built on Sand Kong Tuo-Kwang
20%
Hitman 3 Berlin, Germany Apex Predator Agent Lowenthal
19%
Hitman 2 - Special Assignments Santa Fortuna, Colombia Embrace of the Serpent Blair Reddington
19%
Seasonal Content Hokkaido, Japan Hokkaido Snow Festival Dmitri Fedorov
18%
Hitman 3 Berlin, Germany Apex Predator Agent Chamberlin
17%
Hitman 3 Berlin, Germany Apex Predator Agent Rhodes
16%
Sniper Assassin Hantu Port, Singapore The Pen and the Sword Captain Lhom Kwai
16%
Sniper Assassin Hantu Port, Singapore The Pen and the Sword Colonel Jin Noo
16%
Sniper Assassin Hantu Port, Singapore The Pen and the Sword Captain Re Thak
15%
Sarajevo Six Sapienza, Italy The Enforcer Gary Lunn
15%
Sarajevo Six Paris, France The Director Scott Sarno
15%
Sarajevo Six Hokkaido, Japan The Controller Taheiji Koyama
14%
Sarajevo Six Bangkok, Thailand The Veteran John Stubbs
12%
Sarajevo Six Marrakesh, Morocco The Extractor Walter Menard
11%
No matching quizzes found
Score Distribution
Percent of People with Each Score
Percentile by Number Answered
Your Score History
You have not taken this quiz